00559 2200205 4500001002100000005001500021035002000036245006200056100002600118250001700144300002800161856003600189700001200225260003400237082001100271084001700282020002200299990001600321990001600337INLIS00000000000034820200219014051 a0010-02200000931 a68 Buah Ajaib penangkal penyakit /cWinkanda satria putra0 aWinkanda satria putra aCetakan ke 3 a168 hlm ;c17,5 x 24 cm aPerpustakaan Umum Kota Makassar0 aRose KR aYogyakarta :bKatahati,c2016 a582.12 a582.12 PUT e a978-602-1579-11-4 a00000000569 a00000000570